Let us c / (Record no. 187419)
[ view plain ]
| 000 -LEADER | |
|---|---|
| fixed length control field | 00549nam a2200193Ia 4500 |
| 005 - DATE AND TIME OF LATEST TRANSACTION | |
| control field | 20230714142315.0 |
| 008 - FIXED-LENGTH DATA ELEMENTS--GENERAL INFORMATION | |
| fixed length control field | 210716s2005 xx 000 0 und d |
| 020 ## - INTERNATIONAL STANDARD BOOK NUMBER | |
| International Standard Book Number | 8183330525 |
| 040 ## - CATALOGING SOURCE | |
| Transcribing agency | AIMIT LLIBRARY |
| 041 ## - LANGUAGE CODE | |
| Language code of text/sound track or separate title | eng |
| 082 ## - DEWEY DECIMAL CLASSIFICATION NUMBER | |
| Classification number | 005.133 |
| Edition number | 6 |
| Item number | KANY |
| 100 ## - MAIN ENTRY--PERSONAL NAME | |
| Personal name | Kanetkar, Yashavant P. |
| 9 (RLIN) | 126890 |
| 245 ## - TITLE STATEMENT | |
| Title | Let us c / |
| Statement of responsibility, etc. | Yashavant P. Kanethar. |
| 250 ## - EDITION STATEMENT | |
| Edition statement | 6th ed. |
| 260 ## - PUBLICATION, DISTRIBUTION, ETC. | |
| Place of publication, distribution, etc. | New Delhi : |
| Name of publisher, distributor, etc. | BPB Publications , |
| Date of publication, distribution, etc. | 2005. |
| 300 ## - PHYSICAL DESCRIPTION | |
| Extent | xix,756p. |
| Other physical details | PB |
| Dimensions | 21.5 cm |
| 650 ## - SUBJECT ADDED ENTRY--TOPICAL TERM | |
| Topical term or geographic name entry element | C Programming |
| 9 (RLIN) | 126891 |
| 942 ## - ADDED ENTRY ELEMENTS (KOHA) | |
| Source of classification or shelving scheme | Dewey Decimal Classification |
| Koha item type | Book |
| Edition | 6th |
| Call number prefix | 005.133 KANY |
| Withdrawn status | Lost status | Source of classification or shelving scheme | Damaged status | Not for loan | Collection code | Home library | Current library | Date acquired | Source of acquisition | Cost, normal purchase price | Inventory number | Total Checkouts | Full call number | Barcode | Date last seen | Cost, replacement price | Price effective from | Koha item type |
|---|---|---|---|---|---|---|---|---|---|---|---|---|---|---|---|---|---|---|
| Dewey Decimal Classification | MCA | St Aloysius Institute of Management & Information Technology | St Aloysius Institute of Management & Information Technology | 07/14/2023 | Sita Book House | 195.00 | Bill no:250; Bill dt:2005-12-09 | 005.133 KANY | MCA06927 | 07/21/2025 | 156.00 | 07/16/2021 | Book | |||||
| Dewey Decimal Classification | MCA | St Aloysius Institute of Management & Information Technology | St Aloysius Institute of Management & Information Technology | 07/14/2023 | Sita Book House | 195.00 | Bill no:250; Bill dt:2005-12-09 | 005.133 KANY | MCA06928 | 07/21/2025 | 156.00 | 07/16/2021 | Book | |||||
| Dewey Decimal Classification | MCA | St Aloysius Institute of Management & Information Technology | St Aloysius Institute of Management & Information Technology | 07/14/2023 | Sita Book House | 195.00 | Bill no:250; Bill dt:2005-12-09 | 005.133 KANY | MCA06929 | 07/21/2025 | 195.00 | 07/16/2021 | Book | |||||
| Dewey Decimal Classification | MCA | St Aloysius Institute of Management & Information Technology | St Aloysius Institute of Management & Information Technology | 07/14/2023 | Sita Book House | 195.00 | Bill no:250; Bill dt:2005-12-09 | 005.133 KANY | MCA06930 | 07/21/2025 | 156.00 | 07/16/2021 | Book | |||||
| Dewey Decimal Classification | MCA | St Aloysius Institute of Management & Information Technology | St Aloysius Institute of Management & Information Technology | 07/14/2023 | Sita Book House | 195.00 | Bill no:250; Bill dt:2005-12-09 | 005.133 KANY | MCA06931 | 07/21/2025 | 156.00 | 07/16/2021 | Book |